[Event "AUTO-ADV-4926"]
[Site "http://www.queenalice.com/game.php?id=1870881"]
[Date "2026.3.24"]
[Round "1"]
[White "chessman"]
[Black "matamuff"]
[Result "1-0"]
[WhiteElo "1985"]
[BlackElo "1890"]

1. e4 Nf6 2. d3 c5 3. Nf3 d6 4. Be2 e5 5. O-O Be7 6. c3 O-O 7. Bg5 Bg4 8. Nbd2
h6 9. Be3 Nc6 10. h3 Bxf3 11. Nxf3 Qc7 12. Re1 Nh7 13. d4 exd4 14. cxd4 b6 15.
Rc1 Qd8 16. d5 Ne5 17. Nxe5 dxe5 18. f4 Nf6 19. fxe5 Nxe4 20. Bf3 Ng5 21. Bxg5
Bxg5 22. Rc2 Bh4 23. Re4 Rb8 24. Qd3 Qc7 25. Rxh4 Qxe5 26. Qe4 Qxe4 27. Rxe4 Rb7
28. Rce2 Rd7 29. Re7 Rfd8 30. Rxd7 Rxd7 31. Kf2 Kf8 32. g4 g5 33. Rd2 Rd6 34.
Ke3 Ke7 35. Ke4 Kf6 36. b3 Ke7 37. Re2 Kd7 38. Kd3 Rf6 39. Bg2 Rd6 40. Kc4 a6
41. b4 b5+ 42. Kxc5 Rf6 43. Be4 Rf4 44. Bf5+ Kd8 45. a3 Rf3 46. Kd6 h5 47. Rc2
hxg4 48. Rc8# 1-0

[Event "AUTO-ADV-4926"]
[Site "http://www.queenalice.com/game.php?id=1870882"]
[Date "2026.3.24"]
[Round "1"]
[White "matamuff"]
[Black "chessman"]
[Result "1-0"]
[WhiteElo "1860"]
[BlackElo "2001"]

1. Na3 d5 2. Nf3 e6 3. c3 Nf6 4. d4 Bxa3 5. Qa4+ Bd7 6. Qxa3 Nc6 7. Bf4 Ne4 8.
Nd2 Nxd2 9. Bxd2 Qe7 10. Qxe7+ Nxe7 11. e3 O-O 12. Bd3 c6 13. O-O Rfc8 14. c4
dxc4 15. Bxc4 c5 16. dxc5 Rxc5 17. b3 Rac8 18. Bb4 Rxc4 19. bxc4 Nc6 20. Bc3 f6
21. a3 e5 22. Rad1 Be6 23. c5 Kf7 24. Bb4 h6 25. Rd6 Nxb4 26. axb4 a5 27. bxa5
Rxc5 28. a6 bxa6 29. Rxa6 Bd5 30. Ra7+ Kg6 31. Rfa1 1-0

[Event "AUTO-ADV-4926"]
[Site "http://www.queenalice.com/game.php?id=1870891"]
[Date "2026.3.24"]
[Round "1"]
[White "matamuff"]
[Black "Jsc"]
[Result "0-1"]
[WhiteElo "1859"]
[BlackElo "1963"]

1. Na3 d5 2. Nf3 c5 3. e3 a6 4. c3 Nc6 5. d4 c4 6. Nc2 b5 7. Nd2 Nf6 8. Be2 Bf5
9. O-O e6 10. Ne1 Bd6 11. Nef3 h6 12. h3 O-O 13. Re1 a5 14. Nf1 b4 15. N3d2 a4
16. Ng3 Bh7 17. Nf3 Qa5 18. Bd2 a3 19. cxb4 Bxb4 20. b3 c3 21. Rf1 cxd2 22. Kh2
Rfc8 23. Bd3 Bxd3 24. Rg1 Ne4 25. Nxe4 Bxe4 26. Qe2 Na7 27. Rgd1 Rc2 0-1

[Event "AUTO-ADV-4926"]
[Site "http://www.queenalice.com/game.php?id=1870892"]
[Date "2026.3.24"]
[Round "1"]
[White "Jsc"]
[Black "matamuff"]
[Result "1-0"]
[WhiteElo "1999"]
[BlackElo "1878"]

1. e4 Nf6 2. e5 Nd5 3. c4 Nb6 4. a4 d6 5. a5 N6d7 6. e6 fxe6 7. Bd3 Nf6 8. Nf3
g6 9. O-O Bg7 10. Re1 O-O 11. Ng5 e5 12. Qb3 d5 13. Rxe5 Nc6 14. Re1 Nd4 15. Qc3
h6 16. Qxd4 hxg5 17. Bxg6 e6 18. d3 Ne4 19. Qe3 Nd6 20. Qh3 Bh6 21. Qxh6 Qe7 22.
cxd5 Nf5 23. Qxg5 Qxg5 24. Bxg5 Kg7 25. Bxf5 exf5 26. Re7+ Rf7 27. Rxf7+ Kxf7
28. Nc3 Bd7 29. Re1 Re8 30. Rxe8 Bxe8 31. Bf4 c6 32. d6 Ke6 33. Na4 Kd5 34. f3
Kd4 35. g3 Kxd3 36. Nc5+ 1-0

[Event "AUTO-ADV-4933"]
[Site "http://www.queenalice.com/game.php?id=1872596"]
[Date "2026.4.29"]
[Round "1"]
[White "matamuff"]
[Black "zubarev"]
[Result "0-1"]
[WhiteElo "1890"]
[BlackElo "1975"]

1. Na3 e5 2. Nc4 Nf6 3. Nxe5 d6 4. Nc4 Be6 5. e3 Be7 6. Nf3 Nc6 7. b3 O-O 8. Bb2
d5 9. Nce5 Ne4 10. d3 Nf6 11. h3 Qd6 12. Be2 Nd7 13. Nxc6 Qxc6 14. O-O f5 15.
Ne5 Nxe5 16. Bxe5 Bf6 17. d4 Bxe5 18. dxe5 f4 19. Qd4 f3 20. Bd3 fxg2 21. Kxg2
Qe8 22. Qh4 Bf5 23. e4 Bg6 24. f4 Bxe4+ 25. Bxe4 dxe4 26. Rae1 Rd8 27. Rxe4 Qg6+
28. Qg3 Qxe4+ 29. Kg1 Qg6 30. Qxg6 hxg6 31. Rf2 Rd4 0-1

[Event "AUTO-ADV-4933"]
[Site "http://www.queenalice.com/game.php?id=1872597"]
[Date "2026.4.29"]
[Round "1"]
[White "zubarev"]
[Black "matamuff"]
[Result "1/2-1/2"]
[WhiteElo "1979"]
[BlackElo "1850"]

1. d4 d6 2. e4 e5 3. dxe5 dxe5 4. Nc3 c6 5. f3 Qxd1+ 6. Nxd1 Nf6 7. Bd3 Bc5 8.
Ne2 O-O 9. Be3 Bd6 10. O-O Be6 11. f4 exf4 12. Nxf4 Bc8 13. Bd4 Ng4 14. h3 Be5
15. Bxe5 Nxe5 16. Ne3 Nbd7 17. Rad1 Nxd3 18. cxd3 Ne5 19. d4 Ng6 20. d5 Nxf4 21.
Rxf4 cxd5 22. Rxd5 Be6 23. Ra5 a6 24. b3 b6 25. Ra4 b5 26. Rd4 Rac8 27. Rf1 Rfd8
28. Rfd1 Rxd4 29. Rxd4 g6 30. Rd2 Rc3 31. Kf2 Kg7 32. Rd6 Bc8 33. Ke2 Rc1 34.
Rd8 Be6 35. Rd6 a5 36. Ra6 a4 37. bxa4 b4 38. Rb6 Ra1 39. Rxb4 Rxa2+ 40. Kf3 Ra3
41. Kf2 Bb3 42. Nc4 Rxa4 43. Rxa4 Bxa4 44. g3 Kf6 45. Ke3 Bb3 46. Nd2 Ba2 47.
Nf3 Be6 48. h4 h6 49. Nd4 Bd7 50. Ne2 Bb5 51. Nd4 Bd7 52. Nb3 Bc6 53. Kd4 Ke7
54. Nc5 Kd6 55. e5+ Ke7 56. Nd3 Bb5 57. Nf4 Be8 58. Kd5 Bd7 59. Nd3 Be6+ 60. Kd4
Bf5 61. Nf4 Be6 1/2-1/2

[Event "AUTO-ADV-4933"]
[Site "http://www.queenalice.com/game.php?id=1872598"]
[Date "2026.4.29"]
[Round "1"]
[White "matamuff"]
[Black "Capixabba789"]
[Result "1-0"]
[WhiteElo "1857"]
[BlackElo "1886"]

1. Na3 e5 2. Nc4 d5 3. Nxe5 Bc5 4. d4 Bb6 5. Ngf3 Nf6 6. e3 O-O 7. g3 Be6 8. Bg2
Nbd7 9. Nxd7 Qxd7 10. O-O c5 11. c3 c4 12. Ne5 Qc8 13. Kh1 Bh3 14. Bd2 Bxg2+ 15.
Kxg2 Ne4 16. Be1 f6 17. Nf3 Qe8 18. Bd2 Qg6 19. Be1 Rae8 20. Nd2 f5 21. Nf3 Qf6
22. Nd2 Qg6 23. Nf3 f4 24. exf4 Rxf4 25. Bd2 Nxd2 26. Qxd2 Rg4 27. Ne5 Rxe5 28.
dxe5 Qe6 29. Rae1 h6 30. f4 Qe8 31. Qxd5+ Kh8 32. Qxc4 Rg6 33. Rd1 Re6 34. Qe2
Rc6 35. Qg4 Re6 36. Rd5 1-0

[Event "AUTO-ADV-4933"]
[Site "http://www.queenalice.com/game.php?id=1872599"]
[Date "2026.4.29"]
[Round "1"]
[White "Capixabba789"]
[Black "matamuff"]
[Result "0-1"]
[WhiteElo "1869"]
[BlackElo "1874"]

1. d4 d6 2. d5 e6 3. e4 g6 4. c4 Bg7 5. Nc3 a6 6. f4 Ne7 7. Nf3 Nd7 8. Bd3 b6 9.
O-O O-O 10. Ne2 Bb7 11. Ng3 h6 12. Qe1 c6 13. e5 dxe5 14. fxe5 cxd5 15. cxd5
Bxd5 16. Bd2 Bxf3 17. Rxf3 Nxe5 18. Qe3 Nxf3+ 19. Qxf3 b5 20. Bc1 Nd5 21. Ne4
Rc8 22. Rb1 Nb4 23. Be2 Nc2 24. Bf4 Nd4 25. Qf1 Nxe2+ 26. Qxe2 Rc4 27. Bg3 Qd4+
28. Nf2 Qb6 29. Kh1 Qb7 30. Nd3 Qe4 31. Qf1 Rd8 32. Nf4 Rcd4 33. h3 Qb7 34. Bh4
g5 35. Bf2 Rxf4 0-1

[Event "AUTO-ADV-4933"]
[Site "http://www.queenalice.com/game.php?id=1872600"]
[Date "2026.4.29"]
[Round "1"]
[White "matamuff"]
[Black "EduardoRo"]
[Result "0-1"]
[WhiteElo "1875"]
[BlackElo "1662"]

1. Na3 e5 2. Nc4 Nc6 3. e4 Nf6 4. d3 Bc5 5. Be3 O-O 6. Bxc5 d6 7. Ba3 Bg4 8. Qc1
Nd4 9. Ne3 c5 10. b3 Qa5+ 11. c3 Ne6 12. b4 cxb4 13. Bxb4 Qb6 14. Nxg4 Nxg4 15.
Nh3 Nf4 16. d4 Nh5 17. Qg5 Nhf6 18. Rd1 h6 19. Qh4 exd4 20. Bd3 Rac8 21. O-O
dxc3 22. Ba3 c2 23. Rc1 Qa5 24. Bxd6 Rfd8 25. Be7 Rxd3 26. a3 Qe5 27. f4 Qxe7
28. e5 Qc5+ 29. Kh1 Ne3 30. Rfe1 Ne4 31. Qh5 Rxa3 32. Qe2 Qc3 33. Nf2 Nxf2+ 34.
Qxf2 b5 35. h3 b4 36. Kh2 a5 0-1

[Event "AUTO-ADV-4933"]
[Site "http://www.queenalice.com/game.php?id=1872601"]
[Date "2026.4.29"]
[Round "1"]
[White "EduardoRo"]
[Black "matamuff"]
[Result "0-1"]
[WhiteElo "1652"]
[BlackElo "1868"]

1. e4 d6 2. d4 e5 3. d5 Nf6 4. f3 Be7 5. Bc4 O-O 6. Ne2 b6 7. O-O Ba6 8. Bxa6
Nxa6 9. Be3 Qc8 10. Nbc3 Nc5 11. b4 Ncd7 12. Ng3 Re8 13. Nce2 Nf8 14. Nf5 Ng6
15. Neg3 Nf4 16. Bxf4 exf4 17. Nxe7+ Rxe7 18. Nf5 Re5 19. Qd2 Qf8 20. Qxf4 Ne8
21. c4 Kh8 22. a4 Nf6 23. g4 Ng8 24. h4 g6 25. Nd4 Qh6 26. h5 Qxf4 27. Nc6 Qg3+
28. Kh1 Rg5 29. Ra2 gxh5 30. Rg2 Qh3+ 31. Kg1 hxg4 32. Nd4 Nf6 33. Rff2 Nh5 34.
Rh2 gxf3+ 0-1

[Event "Let's Play Chess!"]
[Site "http://www.queenalice.com/game.php?id=1873894"]
[Date "2026.5.24"]
[Round "-"]
[White "matamuff"]
[Black "Capixabba789"]
[Result "1-0"]
[WhiteElo "1875"]
[BlackElo "1859"]

1. Na3 e5 2. Nc4 Nc6 3. e4 d6 4. Nf3 Be6 5. Ne3 Nf6 6. d3 Be7 7. c3 d5 8. Ng5
dxe4 9. Nxe6 fxe6 10. Be2 O-O 11. O-O exd3 12. Qxd3 Nd5 13. Qc2 Nf4 14. Re1 Qe8
15. Bf3 Rd8 16. Nc4 Qg6 17. Qxg6 Nxg6 18. Be4 Nf4 19. Bxf4 exf4 20. Bxc6 bxc6
21. Rxe6 c5 22. Rxe7 Rf7 23. Re5 f3 24. Rxc5 fxg2 25. Re5 h6 26. Rae1 Rdf8 27.
Re8 Rxf2 28. Rxf8+ Rxf8 29. Kxg2 g5 30. Re6 1-0

[Event "AUTO-ADV-4938"]
[Site "http://www.queenalice.com/game.php?id=1874162"]
[Date "2026.5.30"]
[Round "1"]
[White "matamuff"]
[Black "Tonto"]
[Result "0-1"]
[WhiteElo "1888"]
[BlackElo "2037"]

1. Na3 e5 2. Nc4 d6 3. e4 Be7 4. d3 Nf6 5. Nf3 Bg4 6. Be2 c6 7. Ne3 Bh5 8. Nf5
O-O 9. Nxe7+ Qxe7 10. O-O Nbd7 11. Bg5 h6 12. Bh4 Qe6 13. h3 d5 14. Bg3 dxe4 15.
dxe4 Nxe4 16. Nd2 Nxg3 17. fxg3 Bg6 18. Rc1 Nb6 19. a3 Rad8 20. Qe1 Nd5 21. Bc4
Qd6 22. Ne4 Bxe4 23. Qxe4 Nf6 24. Qd3 Qc5+ 0-1

[Event "AUTO-ADV-4938"]
[Site "http://www.queenalice.com/game.php?id=1874163"]
[Date "2026.5.30"]
[Round "1"]
[White "Tonto"]
[Black "matamuff"]
[Result "1-0"]
[WhiteElo "2047"]
[BlackElo "1878"]

1. e4 d6 2. d4 c5 3. d5 g6 4. Nf3 Bg7 5. c3 Bg4 6. Be2 e5 7. dxe6 Bxe6 8. Na3 a6
9. Bf4 d5 10. e5 Ne7 11. c4 d4 12. O-O O-O 13. Qb3 Ra7 14. Qa4 Qe8 15. Qa5 Qc6
16. Nb5 Ra8 17. Qa3 Nd7 18. Nd6 Nf5 19. b4 Nxd6 20. exd6 Nf6 21. bxc5 Nd7 22.
Ng5 Rae8 23. Bf3 Qc8 24. Rfe1 Bxc4 25. Qb4 Rxe1+ 26. Rxe1 Bxa2 27. Bxb7 Qb8 28.
c6 Nf6 29. c7 1-0

[Event "AUTO-ADV-4938"]
[Site "http://www.queenalice.com/game.php?id=1874164"]
[Date "2026.5.30"]
[Round "1"]
[White "matamuff"]
[Black "WHUSIRO"]
[Result "0-1"]
[WhiteElo "1906"]
[BlackElo "1864"]

1. Na3 e5 2. Nc4 Nc6 3. e4 Nf6 4. d3 g6 5. Nf3 b5 6. Ne3 Bg7 7. c3 d6 8. Be2 O-O
9. b4 a5 10. bxa5 Nxa5 11. O-O Be6 12. Ng5 Bd7 13. Bb2 h6 14. Nf3 c6 15. Ba3 Bg4
16. Nxe5 Bxe2 17. Nxc6 Nxc6 18. Qxe2 Rxa3 19. Nd1 Re8 20. Qb2 Ra5 21. Qc2 Qc7
22. a4 bxa4 23. Rxa4 Rea8 24. Rxa5 Rxa5 25. Ne3 Qa7 26. Rb1 Ra1 27. Qb2 Rxb1+
28. Qxb1 Qb8 29. Qxb8+ Nxb8 30. c4 Nfd7 31. Kf1 Bd4 32. Nc2 Bc3 33. Ke2 Nc6 34.
Ke3 Kg7 35. f3 Nb4 36. Na3 Bf6 37. Nb5 Be7 38. Nd4 Nc5 39. g4 Nbxd3 40. Nc6 Bg5+
0-1

[Event "AUTO-ADV-4938"]
[Site "http://www.queenalice.com/game.php?id=1874165"]
[Date "2026.5.30"]
[Round "1"]
[White "WHUSIRO"]
[Black "matamuff"]
[Result "0-1"]
[WhiteElo "1885"]
[BlackElo "1890"]

1. e4 d6 2. d4 c5 3. dxc5 dxc5 4. Qxd8+ Kxd8 5. Be3 e5 6. Nc3 b6 7. Rd1+ Kc7 8.
Nd5+ Kc6 9. a4 Be6 10. Bb5+ Kb7 11. Nc3 Nc6 12. Nd5 Nd4 13. Bxd4 cxd4 14. Nb4
Bxb4+ 15. Kf1 Nf6 16. f3 Rac8 17. Bd3 Bc4 18. b3 Bxd3+ 19. Rxd3 Rxc2 20. g4 Rhc8
21. Ne2 Rd2 22. Rxd2 Bxd2 0-1